[Event "ICS rated blitz match"]
[Site "204.178.125.65"]
[Date "1999.09.28"]
[Round "?"]
[White "Hossa"]
[Black "ThunderLips"]
[Result "0-1"]
[WhiteElo "2487"]
[BlackElo "2315"]
[Annotator "Fritz 5.32 (60s)"]
[PlyCount "119"]
[EventDate "1999.??.??"]

1. c4 Nf6 2. Nc3 e5 3. Nf3 Nc6 4. d4 e4 5. Ng5 h6 6. Ngxe4 Nxe4 7. Nxe4 Qh4 8.
Nc3 Qxd4 9. Bd2 $15 (9. Qxd4 Nxd4 10. Kd1 b6 11. Nd5 Ne6 12. b3 Bb7 13. Bb2
O-O-O 14. e4 Bc5 15. f3 c6 16. Nc3 d5 17. exd5 cxd5 18. Nxd5 Bxd5 19. cxd5
Rxd5+ 20. Kc2 Nd4+ 21. Bxd4 Rxd4 22. Ba6+ Kc7 23. Rad1 Rhd8 24. Rhe1 Rxd1 25.
Rxd1 Rxd1 26. Kxd1 {- Pytlakowski,A-Gawlikowski,S/POL-ch 1955/MCL (26)}) (9. e3
Qxd1+ 10. Kxd1 Be7 11. Nd5 Bd8 12. Bd2 (12. b3 d6 13. Bb2 O-O 14. Bd3 14... a5
{- Zapata,A-Morovic Fernandez,I/Tunis 1985/IZT (14)}) 12... d6 13. Bc3 O-O 14.
Be2 Ne5 15. Kd2 c6 16. Nf4 Re8 17. Rhd1 Bg4 18. b3 a5 19. h3 Bf5 20. Ke1 Bc7
21. Rd2 a4 22. b4 a3 23. Rc1 23... f6 {
Gerstenfeld,E-Lilienthal,A/Moscow 1940/URS-ch/ - (86)}) (9. Nd5 Bb4+ 10. Bd2
Bxd2+ 11. Qxd2 Qxd2+ 12. Kxd2 12... Kd8 $11) 9... Qxc4 10. e3 {Kontrolliert d4}
10... Qe6 11. Nb5 Kd8 12. Nc3 d5 13. Be2 Bd6 14. O-O Re8 15. Bc1 Ne7 16. Nb5
Bc5 17. Bd2 Bd7 18. Ba5 b6 19. Be1 (19. Bc3 Nf5 20. Re1 20... c6 $17) 19... a6
20. Nd4 Qd6 (20... Bxd4 21. Qxd4 Nf5 22. Qb4 $17) 21. Nc2 Qg6 22. Bh5 Qf5 23.
b4 Bd6 24. Nd4 (24. Bc3 g6 25. Bf3 25... Be6 $17) 24... Qe5 {Droht Matt} 25. g3
g6 26. Bg4 (26. Bf3 26... Qg5 $17) 26... f5 (26... Bxg4 27. Qxg4 Qf6 28. Bc3
$17) 27. Bf3 c5 28. bxc5 bxc5 29. Ba5+ Bc7 30. Bxc7+ Qxc7 31. Rc1 Qd6 32. Qd2
Ra7 33. Nb3 33... Rc7 {Schwarz bereitet c4 vor} 34. Rc3 34... Bb5 {
Jetzt haengt c4 in der Luft} 35. Rfc1 {Steigert den Druck auf den Bauern c5}
35... c4 {Raumgewinn} 36. Nd4 {Dort fuehlt sich der weisse Springer wohl} 36...
g5 37. Bh5 37... Rf8 {Schwarz plant f4} 38. Rb1 Be8 39. Be2 Bd7 40. Rb8+ Rc8
41. Rb7 f4 42. Qd1 42... Rb8 $15 (42... fxe3 $5 43. Rxe3 Rc7 44. Rxc7 44...
Qxc7 $17) 43. Rxb8+ Qxb8 44. e4 fxg3 (44... dxe4 $2 {ist nicht spielbar} 45.
Ne6+ Ke8 46. Nxf8 $18) 45. fxg3 $19 (45. hxg3 45... Rf6 $1 $17 {
bringt Schwarz in Vorteil} (45... dxe4 $2 {funktioniert nicht} 46. Ne6+ Ke8 47.
Bh5+ (47. Nxf8 $143 47... Bf5 $18) 47... Rf7 48. Bxf7+ Kxf7 49. Qxd7 $18))
45... Qb6 (45... dxe4 46. Ne6+ Ke8 47. Nxf8 Qa7+ 48. Kg2 Kxf8 49. Qd6 $18 (49.
Rxc4 Nf5 50. Qa1 50... Kg8 $18)) 46. exd5 $19 (46. Kh1 $5 $17) 46... Nxd5 {
Droht Matt: Nxc3. .} 47. Rc1 ({Schwaecher ist} 47. Rxc4 47... Bb5 48. Qc2 Bxc4
49. Qxc4 Ne3 50. Ne6+ Ke7 51. Qc5+ Qxc5 52. Nxc5 52... Rc8 $19) 47... c3 48. a4
c2 (48... Ne3 49. a5 Qf6 (49... Nxd1 50. axb6 Nf2 51. Rxc3 $14) (49... Qxa5 50.
Nc6+ Kc7 51. Nxa5 Nxd1 52. Bxd1 $16 (52. Rxd1 $6 52... Bb5 53. Nc4 53... Re8
$14)) 50. Ne6+ Ke7 51. Qxd7+ Kxd7 52. Nxf8+ Ke7 53. Ng6+ Qxg6 54. Rxc3 Qb1+ 55.
Kf2 Ng4+ 56. Bxg4 Qb2+ 57. Be2 57... Qxc3 $19) 49. Qd2 Bxa4 50. Bc4 Nf6 51. Qd3
$2 (51. Be6 $19 $142) 51... Ng4 52. Qe4 (52. Bd5 {ist der letzte Rettungsanker}
52... Rf6 53. Kg2 Rf2+ 54. Kg1 Rxh2 55. Bg2 $19) 52... Bc6 $1 {
weise Rueckgabe des Materials. Mit der Mattdrohung Bxe4} 53. Bd5 (53. Qxg4 $4 {
der Springer darf nicht angetastet werden} 53... Bf3 $1 {huebsch} 54. Qxf3
Qxd4+ 55. Kg2 Rxf3 56. Kxf3 Qd1+ 57. Rxd1+ cxd1=Q+ (57... cxd1=B+ $6 58. Ke3
$17) (57... cxd1=N $6 58. Be2 Nc3 59. Bxa6 $11) (57... cxd1=R $6 58. Bxa6 Rh1
59. Kg2 $19) 58. Be2 g4+ 59. Ke3 59... Qe1 $19) 53... Nf6 (53... Re8 $142 {
und nichts geht mehr} 54. Qxg4 Bxd5 55. Kf1 $19) 54. Qe3 Bxd5 55. Nxc2 Qxe3+
56. Nxe3 Bb7 57. Rb1 Kc7 58. Nf5 (58. Rf1 {nuetzt auch nichts mehr} 58... h5
$19) 58... Ng4 59. Rc1+ Kb6 60. Nd6 (60. Rb1+ {macht keinen grossen Unterschied
} 60... Ka7 61. Nd6 61... Bd5 $19) 0-1

[Event "ICS rated blitz match"]
[Site "204.178.125.65"]
[Date "1999.10.06"]
[Round "?"]
[White "Hossa"]
[Black "ThunderLips"]
[Result "0-1"]
[WhiteElo "2520"]
[BlackElo "2557"]
[PlyCount "138"]
[EventDate "1999.??.??"]

1. e4 c5 2. Nf3 Nc6 3. d4 cxd4 4. Nxd4 Nf6 5. Nc3 e5 6. Ndb5 d6 7. a4 a6 8. Na3
Bg4 9. f3 Be6 10. Bc4 Qb6 11. Ba2 Be7 12. Nc4 Bxc4 13. Bxc4 O-O 14. Nd5 Nxd5
15. Bxd5 Nb4 16. Bb3 Rac8 17. c3 Nd3+ 18. Qxd3 Qxb3 19. O-O Rfe8 20. Rd1 Red8
21. Kh1 d5 22. exd5 Rc5 23. c4 Qxd3 24. Rxd3 Rxc4 25. Be3 Rc2 26. b3 f5 27. Rc1
e4 28. Rdd1 Rb2 29. Bb6 Rd7 30. Rc3 Bf6 31. Rc8+ Kf7 32. b4 exf3 33. gxf3 Be5
34. Bg1 Rxb4 35. a5 Ra4 36. Bb6 Ra2 37. h4 Rh2+ 38. Kg1 Rxh4 39. Rc2 g5 40. Rg2
Kf6 41. Re2 h5 42. Re3 Rb4 43. Kf1 Rb5 44. Red3 h4 45. Kg2 Rb2+ 46. Kg1 h3 47.
Rf1 Rg2+ 48. Kh1 Rh2+ 49. Kg1 Re2 50. Kh1 Rh7 51. Rb1 g4 52. Re3 Rxe3 53. Bxe3
f4 54. Rb6+ Kg5 55. Re6 fxe3 56. Rxe5+ Kf4 57. Re6 gxf3 58. Rf6+ Ke4 59. Re6+
Kd3 60. Rg6 e2 61. Kh2 e1=Q 62. Rg5 f2 63. Rg3+ Ke2 64. Rg4 f1=Q 65. Re4+ Kd1
66. Rxe1+ Qxe1 67. d6 Qf2+ 68. Kh1 Rg7 69. d7 69... Qg1# {Hossa checkmated} 0-1

[Event "ICS rated blitz match"]
[Site "204.178.125.65"]
[Date "1999.10.15"]
[Round "?"]
[White "Hossa"]
[Black "ThunderLips"]
[Result "0-1"]
[WhiteElo "2415"]
[BlackElo "2550"]
[PlyCount "102"]
[EventDate "1999.??.??"]

1. e4 e6 2. d4 d5 3. Nc3 Bb4 4. e5 c5 5. a3 Bxc3+ 6. bxc3 Qc7 7. Qg4 f5 8. Qg3
Ne7 9. Qxg7 Rg8 10. Qxh7 cxd4 11. Ne2 dxc3 12. f4 Qc5 13. Qh3 d4 14. Qh5+ Rg6
15. Ng3 Bd7 16. Rb1 Bc6 17. Rb4 Na6 18. Bxa6 bxa6 19. Qe2 Rd8 20. Qf2 a5 21.
Rb1 Qc4 22. Ra1 d3 23. cxd3 Qxd3 24. Be3 Bxg2 25. Rg1 Nd5 26. Nf1 c2 27. Rc1
Nxe3 28. Qxe3 Qd1+ 29. Kf2 Bxf1 30. Rxg6 Rd2+ 31. Kg1 Be2+ 32. Kf2 Bh5+ 33. Kg3
Bxg6 34. Qf3 Rd3 35. Qxd3 Qxd3+ 36. Kf2 Qd1 37. Rxd1 cxd1=Q 38. h3 Qb3 39. Kg2
Qxa3 40. h4 Qb3 41. Kf2 a4 42. Kg2 a3 43. Kf2 a2 44. h5 Bxh5 45. Kg2 a1=Q 46.
Kh2 Bf3 47. Kg3 Be4+ 48. Kh4 Qh1+ 49. Kg5 Qg3+ 50. Kf6 Qh8+ 51. Kxe6 51... Qg6#
{Hossa checkmated} 0-1

[Event "ICS rated blitz match"]
[Site "204.178.125.65"]
[Date "1999.10.02"]
[Round "?"]
[White "Hossa"]
[Black "Timmo"]
[Result "1-0"]
[WhiteElo "2406"]
[BlackElo "2063"]
[PlyCount "43"]
[EventDate "1999.??.??"]

1. e4 e5 2. Nf3 f5 3. Nxe5 Nc6 4. Qh5+ g6 5. Nxg6 Nf6 6. Qh4 hxg6 7. Qxh8 Qe7
8. d3 Kf7 9. f3 Bg7 10. Qh4 d5 11. Nc3 fxe4 12. dxe4 dxe4 13. fxe4 Ne5 14. Bg5
Bg4 15. Nd5 Qc5 16. Bxf6 Rh8 17. Qg5 Rh5 18. Qf4 Bh6 19. Bg5+ Ke6 20. Qf6+ Kd7
21. Qd8+ Kc6 22. Qxc7# {Timmo checkmated} 1-0

[Event "ICS rated blitz match"]
[Site "204.178.125.65"]
[Date "1999.10.17"]
[Round "?"]
[White "Hossa"]
[Black "Trifolium"]
[Result "0-1"]
[WhiteElo "2517"]
[BlackElo "2540"]
[PlyCount "115"]
[EventDate "1999.??.??"]

1. Nf3 Nf6 2. c4 b6 3. Nc3 c5 4. e3 e6 5. d4 cxd4 6. exd4 Bb7 7. Bg5 Be7 8. Be2
O-O 9. O-O d5 10. cxd5 Nxd5 11. Bxe7 Qxe7 12. Rc1 Nf4 13. Nb5 Nc6 14. Qd2 Nxe2+
15. Qxe2 Rfd8 16. Rfd1 Rac8 17. Nc3 Rd7 18. Rd2 Nb4 19. Ne5 Rdc7 20. Rdd1 Nd5
21. Nxd5 Bxd5 22. Rxc7 Qxc7 23. b3 Qc2 24. Qe1 Qxa2 25. Rc1 Rxc1 26. Qxc1 h6
27. b4 Qb3 28. Qe1 Qb2 29. h3 Qxd4 30. Ng4 a6 31. Kh2 Be4 32. f4 h5 33. Ne3 Bd3
34. Kg3 e5 35. fxe5 Qxe5+ 36. Kf2 h4 37. Qd2 Qd4 38. Kg1 f5 39. Kh1 a5 40. Nc2
Qd5 41. bxa5 bxa5 42. Ne1 Be4 43. Qg5 a4 44. Qxh4 a3 45. Qh5 f4 46. Qe8+ Kh7
47. Qa4 a2 48. h4 f3 49. gxf3 Bxf3+ 50. Kg1 Qe4 51. Qa5 Qd4+ 52. Kf1 a1=Q 53.
Qf5+ Kg8 54. Qe6+ Kf8 55. Qf5+ Qf6 56. Qc8+ Kf7 57. Qc7+ Kg6 58. Qg3+ {
Hossa resigns} 0-1

[Event "ICS rated blitz match"]
[Site "204.178.125.65"]
[Date "1999.10.12"]
[Round "?"]
[White "Hossa"]
[Black "Trifolium"]
[Result "0-1"]
[WhiteElo "2429"]
[BlackElo "2407"]
[PlyCount "184"]
[EventDate "1999.??.??"]

1. e4 c5 2. Nf3 d6 3. d4 cxd4 4. Nxd4 Nf6 5. Nc3 a6 6. Bg5 Nc6 7. Bxf6 gxf6 8.
Nxc6 bxc6 9. Be2 Rg8 10. Bf3 Qb6 11. Rb1 f5 12. O-O Bg7 13. exf5 Bxf5 14. Re1
Be5 15. Na4 Qb5 16. Nc3 Qb7 17. Be4 Bg4 18. Qd3 h5 19. Bf5 Rb8 20. Bxg4 hxg4
21. Ne4 Kf8 22. c3 Rh8 23. h3 gxh3 24. gxh3 Qc8 25. Re3 Bf4 26. Rf3 Rh4 27. c4
Qf5 28. Kh1 Qe5 29. Nc3 e6 30. Ne2 Bg5 31. b3 c5 32. Rg1 Ke7 33. a3 Bf6 34.
Rfg3 Qb2 35. Rd1 Rd8 36. a4 Be5 37. Rb1 Qa2 38. Rf3 Rg8 39. Rd1 f5 40. Rd2 Qa1+
41. Rd1 Qa3 42. Qe3 Qb4 43. Rg1 Rxg1+ 44. Nxg1 Rh5 45. Ne2 Qe1+ 46. Kg2 Rh8 47.
Nf4 Rg8+ 48. Rg3 Rxg3+ 49. Kxg3 Qg1+ 50. Kf3 Qd1+ 51. Kg3 Qh5 52. Kg2 Qg5+ 53.
Kf3 Bxf4 54. Qxf4 Qh5+ 55. Kg2 Qh8 56. Qg5+ Kd7 57. Qg6 Qc8 58. Qf7+ Kc6 59.
Qf6 Qd7 60. f4 d5 61. Qe5 dxc4 62. bxc4 Qd2+ 63. Kf3 Qd3+ 64. Qe3 Qf1+ 65. Kg3
Qxc4 66. Kf3 Qd5+ 67. Kg3 Qe4 68. Qa3 e5 69. Qc1 Qd3+ 70. Kh4 e4 71. Qg1 Qd6
72. Kg5 Qe6 73. Qa1 Kd6 74. Qg7 Kd5 75. Qf8 e3 76. h4 e2 77. Qd8+ Kc4 78. Qd2
e1=Q 79. Qxe1 Qxe1 80. h5 Qe2 81. a5 Qg4+ 82. Kf6 Qxh5 83. Ke5 Qf7 84. Kd6 Kb5
85. Ke5 Kxa5 86. Kd6 Kb5 87. Ke5 a5 88. Kd6 a4 89. Ke5 a3 90. Kd6 a2 91. Ke5
a1=Q+ 92. Kd6 92... Qd4# {Hossa checkmated} 0-1

[Event "ICS rated blitz match"]
[Site "204.178.125.65"]
[Date "1999.10.12"]
[Round "?"]
[White "Hossa"]
[Black "Trifolium"]
[Result "0-1"]
[WhiteElo "2413"]
[BlackElo "2423"]
[PlyCount "104"]
[EventDate "1999.??.??"]

1. e4 c5 2. Nf3 Nc6 3. d4 cxd4 4. Nxd4 Nf6 5. Nc3 e5 6. Ndb5 d6 7. Bg5 a6 8.
Na3 b5 9. Bxf6 gxf6 10. Nd5 Bg7 11. Be2 f5 12. exf5 Bxf5 13. O-O O-O 14. Re1
Be6 15. Bh5 Nd4 16. Nb4 a5 17. Nd3 b4 18. Nb1 Qh4 19. c3 bxc3 20. bxc3 Nb5 21.
a4 Nc7 22. f4 exf4 23. Bf3 Rac8 24. Qd2 Bd5 25. Rf1 Bc4 26. Bb7 Bxd3 27. Qxd3
Rb8 28. Bc6 Qf6 29. Qe4 Ne6 30. Qc4 Rfc8 31. Qd5 Qe5 32. Ra3 Qe3+ 33. Kh1 Rxc6
34. Qxc6 Qd3 35. Qf3 Qxb1 36. Ra1 Qc2 37. Qc6 Be5 38. Rac1 Qb3 39. Rf3 Nc5 40.
Re1 Qxa4 41. Qc7 Re8 42. Rc1 Ne6 43. Qb6 Ng5 44. Rff1 f3 45. gxf3 Bxh2 46. Kxh2
Qh4+ 47. Kg1 Nh3+ 48. Kh2 Nf4+ 49. Kg1 Qg3+ 50. Kh1 Qh3+ 51. Kg1 Ne2+ 52. Kf2
52... Qg3# {Hossa checkmated} 0-1

[Event "ICS rated blitz match"]
[Site "204.178.125.65"]
[Date "1999.10.11"]
[Round "?"]
[White "Hossa"]
[Black "Trifolium"]
[Result "1-0"]
[WhiteElo "2427"]
[BlackElo "2362"]
[PlyCount "121"]
[EventDate "1999.??.??"]

1. d4 c5 2. d5 Nf6 3. Nc3 d6 4. e4 g6 5. Nf3 Bg7 6. Bb5+ Nbd7 7. O-O a6 8. Be2
b6 9. Bg5 h6 10. Be3 Ng4 11. Bd2 Ra7 12. Nh4 Ndf6 13. f4 h5 14. f5 Nxd5 15.
exd5 Bd4+ 16. Kh1 Nf2+ 17. Rxf2 Bxf2 18. g3 gxf5 19. Bxh5 e5 20. dxe6 Bxe6 21.
Qe2 Kd7 22. Bxf7 Qa8+ 23. Ng2 Bxf7 24. Qxf2 Rh5 25. g4 Rh3 26. Qxf5+ Be6 27.
Qf6 Rf3 28. Qg6 Bf7 29. Qe4 Qxe4 30. Nxe4 Bg6 31. Ng3 Rf2 32. Bc3 Bxc2 33. Kg1
Rf7 34. h4 d5 35. Rc1 Bh7 36. Be5 Ra8 37. Nh5 Rg8 38. Nf6+ Rxf6 39. Bxf6 Rxg4
40. Re1 Be4 41. Re2 d4 42. Rf2 d3 43. Bg5 c4 44. Kf1 Bc6 45. Ne3 Rd4 46. Rf7+
Kc8 47. h5 Be8 48. Rf8 Kd7 49. h6 c3 50. bxc3 Re4 51. h7 Bh5 52. Rd8+ Kc6 53.
h8=Q Be2+ 54. Ke1 Bg4 55. Rxd3 Kb5 56. Rd5+ Ka4 57. Rd4+ Rxd4 58. Qxd4+ Ka3 59.
Qxb6 Kxa2 60. Nc4 Ka1 61. Qb2# {Trifolium checkmated} 1-0

[Event "ICS rated blitz match"]
[Site "204.178.125.65"]
[Date "1999.10.11"]
[Round "?"]
[White "Hossa"]
[Black "Trifolium"]
[Result "0-1"]
[WhiteElo "2412"]
[BlackElo "2377"]
[PlyCount "166"]
[EventDate "1999.??.??"]

1. d4 Nf6 2. c4 c5 3. d5 e6 4. Nc3 exd5 5. cxd5 d6 6. e4 g6 7. Nf3 Bg7 8. Bg5
h6 9. Bb5+ Bd7 10. Bxf6 Bxf6 11. Bxd7+ Nxd7 12. O-O Qa5 13. Qb3 O-O-O 14. Rac1
Kb8 15. Rfd1 Rhe8 16. Re1 Nb6 17. Nd2 Rc8 18. Qc2 Bd4 19. Red1 Qa6 20. Qb3 c4
21. Qc2 Qa5 22. Nf3 Bf6 23. Kh1 Bxc3 24. bxc3 Rc7 25. Nd4 Rce7 26. f3 f5 27.
exf5 Nxd5 28. Qb1 Qc5 29. Qa1 Ne3 30. fxg6 Nxd1 31. Rxd1 Qe5 32. g3 Qh5 33. Qb1
Re3 34. Kg1 Qh3 35. g7 d5 36. Qc1 R3e7 37. Qf4+ Ka8 38. Qf8 Qc8 39. Qf5 Qd8 40.
Qf4 Rxg7 41. Qxh6 Qd7 42. Qh5 Rge7 43. Qg6 Qh3 44. g4 Re3 45. Rf1 Rh8 46. Qd6
Qh7 47. Nb5 Rc8 48. h4 Re2 49. Qa3 a6 50. Nd4 Rd2 51. Nf5 Qc7 52. f4 Rg8 53. g5
Qh7 54. Qc1 Rd3 55. Ne3 Qxh4 56. Kg2 Rf8 57. Qe1 Qxe1 58. Rxe1 Rxf4 59. Kg3 Re4
60. Kf2 Rxc3 61. Nxd5 Rc2+ 62. Kf1 Rxe1+ 63. Kxe1 Rxa2 64. Nb6+ Ka7 65. Nxc4
Rg2 66. Nd6 Rxg5 67. Kf2 b5 68. Ke3 Rd5 69. Nf7 b4 70. Ke4 Rd1 71. Nh6 b3 72.
Ke5 b2 73. Ng4 Re1+ 74. Kf6 b1=Q 75. Kg5 a5 76. Nf6 Rg1+ 77. Kf4 Rf1+ 78. Ke5
Qf5+ 79. Kd6 Qxf6+ 80. Kd5 Qf3+ 81. Kd4 Rd1+ 82. Kc4 Qd3+ 83. Kc5 83... Qd5# {
Hossa checkmated} 0-1

[Event "ICS rated blitz match"]
[Site "204.178.125.65"]
[Date "1999.10.11"]
[Round "?"]
[White "Hossa"]
[Black "Trifolium"]
[Result "0-1"]
[WhiteElo "2378"]
[BlackElo "2411"]
[PlyCount "92"]
[EventDate "1999.??.??"]

1. e4 c6 2. d4 d5 3. exd5 cxd5 4. c4 Nf6 5. Nc3 e6 6. Nf3 Be7 7. Bd3 O-O 8. O-O
dxc4 9. Bxc4 Nbd7 10. Bg5 Nb6 11. Bd3 Nfd5 12. Bxe7 Qxe7 13. Qc2 Kh8 14. Nxd5
Nxd5 15. Bxh7 f5 16. Bxf5 exf5 17. Ne5 Rf6 18. Rae1 Be6 19. Qe2 Kg8 20. Qf3 Rd8
21. Qe2 Qb4 22. Nf3 Bd7 23. a3 Qb6 24. Ng5 f4 25. Qh5 Bf5 26. Re8+ Rxe8 27.
Qxe8+ Rf8 28. Qe5 Qc6 29. Re1 b5 30. b3 a5 31. Kh1 b4 32. axb4 axb4 33. f3 Qd7
34. Qe2 Ne3 35. Qf2 Qxd4 36. g4 Bd7 37. Qh4 Qd3 38. Kg1 Bc6 39. Rc1 Nxg4 40.
Qe1 Re8 41. Ne4 Ne5 42. Nf6+ gxf6 43. Qd1 Nxf3+ 44. Kg2 Ne1+ 45. Kf2 Qe3+ 46.
Kf1 46... Bg2# {Hossa checkmated} 0-1

[Event "ICS rated blitz match"]
[Site "204.178.125.65"]
[Date "1999.10.11"]
[Round "?"]
[White "Hossa"]
[Black "Trifolium"]
[Result "0-1"]
[WhiteElo "2412"]
[BlackElo "2377"]
[PlyCount "168"]
[EventDate "1999.??.??"]

1. e4 c5 2. Nf3 Nc6 3. d4 cxd4 4. Nxd4 Nf6 5. Nc3 d6 6. Bc4 e6 7. Nxc6 bxc6 8.
O-O Rb8 9. Bb3 Ba6 10. Re1 Be7 11. Be3 Qd7 12. Qd4 c5 13. Qa4 Qxa4 14. Bxa4+
Kf8 15. Bc1 h6 16. Rd1 Kg8 17. Rb1 Rb4 18. f3 d5 19. e5 Nh5 20. Bd7 Rc4 21. Rd2
Bg5 22. Rf2 Bh4 23. Rd2 Be1 24. Rd3 d4 25. Rd1 Bxc3 26. bxc3 Rxc3 27. Rb2 g5
28. Bd2 Ra3 29. Ra1 Bc4 30. Rb7 Nf4 31. Bxf4 gxf4 32. Be8 Rh7 33. Bc6 Kg7 34.
Rb2 Rh8 35. Kf2 Rg8 36. g3 fxg3+ 37. hxg3 h5 38. Be4 f5 39. exf6+ Kxf6 40. Rh1
Rh8 41. Ra1 h4 42. gxh4 Rxh4 43. Kg2 Ke5 44. Bb7 Kd6 45. Be4 e5 46. Kg1 Be6 47.
Kg2 Rh5 48. Kg3 Rg5+ 49. Kh2 Re3 50. Kh1 Bf5 51. Bxf5 Rxf5 52. Rb8 Rexf3 53.
Rh8 Rf2 54. Rc1 Rf1+ 55. Rxf1 Rxf1+ 56. Kg2 Rc1 57. Kf3 Rxc2 58. Rh7 Rxa2 59.
Ke4 Re2+ 60. Kf3 Re3+ 61. Kg4 Ra3 62. Kf5 c4 63. Ke4 Re3+ 64. Kf5 a5 65. Ra7
Rf3+ 66. Kg4 Ra3 67. Ra8 c3 68. Rd8+ Ke7 69. Rh8 d3 70. Kf5 c2 71. Rh7+ Kd6 72.
Rh6+ Kc5 73. Rh8 d2 74. Rc8+ Kd4 75. Rxc2 d1=Q 76. Rb2 Rf3+ 77. Ke6 Kc5 78.
Rc2+ Qxc2 79. Kd7 Qf5+ 80. Ke7 Qf7+ 81. Kd8 Rd3+ 82. Kc8 Qd7+ 83. Kb8 Rb3+ 84.
Ka8 84... Qb7# {Hossa checkmated} 0-1

[Event "ICS rated blitz match"]
[Site "204.178.125.65"]
[Date "1999.10.10"]
[Round "?"]
[White "Hossa"]
[Black "Trifolium"]
[Result "0-1"]
[WhiteElo "2462"]
[BlackElo "2322"]
[PlyCount "53"]
[EventDate "1999.??.??"]

1. e4 e5 2. Nf3 Nc6 3. Bb5 a6 4. Ba4 Nf6 5. O-O b5 6. Bb3 Bb7 7. Ng5 d5 8. exd5
Nd4 9. Re1 Bd6 10. f4 Nxd5 11. Bxd5 Bxd5 12. c3 Ne6 13. Nxe6 fxe6 14. fxe5 Qg5
15. g3 Be7 16. d3 Qf5 17. g4 Qg6 18. c4 Bb7 19. cxb5 O-O 20. bxa6 Bf3 21. Qxf3
Rxf3 22. Re4 Rxd3 23. Rc4 Rd1+ 24. Kg2 Qd3 25. g5 Qe2+ 26. Kh3 Rd3+ 27. Kh4 {
Hossa resigns} 0-1

[Event "ICS rated blitz match"]
[Site "204.178.125.65"]
[Date "1999.10.10"]
[Round "?"]
[White "Hossa"]
[Black "Trifolium"]
[Result "1/2-1/2"]
[WhiteElo "2482"]
[BlackElo "2264"]
[PlyCount "204"]
[EventDate "1999.??.??"]

1. e4 e5 2. Nf3 Nc6 3. Bc4 Nf6 4. Nc3 Bc5 5. d3 d6 6. O-O Bg4 7. Na4 Bxf3 8.
Qxf3 Nd4 9. Qd1 b5 10. Nxc5 bxc4 11. Nb7 Qb8 12. Na5 cxd3 13. cxd3 O-O 14. Nc4
Qb5 15. b3 Rfd8 16. Be3 d5 17. exd5 Qxd5 18. Bg5 Ne6 19. Bxf6 gxf6 20. Qg4+ Kf8
21. Rfd1 Nd4 22. Qh4 Ke7 23. Qxh7 Rh8 24. Qe4 Qxe4 25. dxe4 Ne2+ 26. Kf1 Nc3
27. h3 Nxd1 28. Rxd1 Rhd8 29. Rxd8 Rxd8 30. Ke2 Ke6 31. h4 f5 32. exf5+ Kxf5
33. Ne3+ Kf6 34. g4 e4 35. f3 exf3+ 36. Kxf3 Rd2 37. Ke4 Rxa2 38. Nd5+ Kg7 39.
Nxc7 a5 40. Nb5 Kg6 41. Nd4 a4 42. bxa4 Rxa4 43. Ke5 f6+ 44. Kd5 Ra2 45. Ke4
Ra5 46. Nc6 Ra4+ 47. Kf3 Kf7 48. Nd8+ Ke7 49. Nb7 Rc4 50. g5 Rxh4 51. gxf6+
Kxf6 52. Nc5 Kf5 53. Ke3 Rc4 54. Nd3 Ke6 55. Nf4+ Ke5 56. Nd3+ Kf5 57. Kf3 Re4
58. Nc5 Re5 59. Nd3 Re7 60. Nc5 Re8 61. Nd7 Rd8 62. Nc5 Rd5 63. Na4 Ra5 64. Nb6
Ra3+ 65. Ke2 Ke4 66. Nc4 Ra2+ 67. Nd2+ Kd4 68. Ke1 Rb2 69. Nf1 Rg2 70. Nd2 Kd3
71. Nf1 Re2+ 72. Kd1 Ra2 73. Ke1 Rg2 74. Kd1 Rg5 75. Ke1 Re5+ 76. Kf2 Rf5+ 77.
Kg2 Rf7 78. Ng3 Ke3 79. Nf1+ Kd4 80. Ng3 Ke5 81. Ne2 Ke4 82. Nc3+ Kd3 83. Nd1
Kd4 84. Nb2 Re7 85. Kf2 Kc3 86. Na4+ Kd3 87. Nb2+ Kd4 88. Nd1 Rh7 89. Ke2 Rh3
90. Nf2 Ra3 91. Ng4 Rg3 92. Nf2 Re3+ 93. Kd2 Rf3 94. Ke2 Rg3 95. Kf1 Ke3 96.
Nd1+ Kd2 97. Nf2 Rg7 98. Ne4+ Ke3 99. Nc3 Kd3 100. Nd1 Kd2 101. Nf2 Rg6 102.
Ne4+ 102... Kd3 {Game drawn by the 50 move rule} 1/2-1/2

[Event "ICS rated blitz match"]
[Site "204.178.125.65"]
[Date "1999.10.11"]
[Round "?"]
[White "Hossa"]
[Black "Trifolium"]
[Result "0-1"]
[WhiteElo "2452"]
[BlackElo "2337"]
[PlyCount "113"]
[EventDate "1999.??.??"]

1. d4 e6 2. c4 b6 3. e4 Bb7 4. Nc3 Bb4 5. Bd3 f5 6. Qh5+ g6 7. Qe2 Nf6 8. Bg5
fxe4 9. Bxe4 Nxe4 10. Bxd8 Nxc3 11. bxc3 Bxc3+ 12. Kf1 Bxa1 13. Bxc7 Bxd4 14.
Bd6 Nc6 15. Nf3 Bg7 16. Kg1 Rc8 17. Qe4 Bf8 18. Qd3 Na5 19. Ne5 Bd5 20. Bxf8
Rxf8 21. Qc3 d6 22. Nd3 Bxc4 23. Nb2 Ke7 24. Qh3 h5 25. Qc3 Bxa2 26. Qg7+ Rf7
27. Qh6 Nb3 28. Nd3 Bb1 29. Ne1 Rc1 30. Qe3 Rf5 31. f4 Rxf4 32. g3 Rf5 33. Kg2
Bc2 34. Rg1 Re5 35. Qf2 Be4+ 36. Kh3 g5 37. g4 hxg4+ 38. Kxg4 Rc3 39. Qb2 Re3
40. h4 Bd5 41. Nc2 R3e4+ 42. Kg3 Rxh4 43. Qa3 a5 44. Qb2 Rf4 45. Rd1 Nc5 46.
Rg1 Ne4+ 47. Kh2 Rh4+ 48. Kg2 Nf6+ 49. Kf2 Rf4+ 50. Kg3 Re2 51. Qxf6+ Kxf6 52.
Kh3 Rxc2 53. Rg4 Kf5 54. Rg1 Rh4+ 55. Kg3 Rc3+ 56. Kf2 b5 57. Rb1 {
Hossa resigns} 0-1

[Event "ICS rated blitz match"]
[Site "204.178.125.65"]
[Date "1999.10.11"]
[Round "?"]
[White "Hossa"]
[Black "Trifolium"]
[Result "1-0"]
[WhiteElo "2375"]
[BlackElo "2414"]
[PlyCount "86"]
[EventDate "1999.??.??"]

1. e4 e6 2. d4 d5 3. Nc3 dxe4 4. Nxe4 Nd7 5. Nf3 Ngf6 6. Bd3 Nxe4 7. Bxe4 Nf6
8. Bg5 Be7 9. Bxf6 Bxf6 10. Qd3 c6 11. O-O g6 12. Rfe1 Bg7 13. Qe3 O-O 14. c3
Qc7 15. Re2 Bd7 16. Rae1 Qa5 17. a3 Qc7 18. c4 Rfd8 19. Kh1 Qd6 20. Rd2 Bf6 21.
Bd3 b5 22. Ne5 Be8 23. Qf3 Bg5 24. Rdd1 f6 25. Ng4 Qe7 26. cxb5 cxb5 27. d5 f5
28. d6 Qg7 29. Ne5 Rab8 30. Bf1 Rb6 31. d7 Bxd7 32. Nxd7 Qxd7 33. Rxd7 Rxd7 34.
Qa8+ Kg7 35. Qc8 Re7 36. b4 Bf6 37. Qc5 Reb7 38. f4 Be7 39. Qc8 Rb8 40. Qc3+
Kg8 41. Qb3 Kf7 42. Bxb5 Bxb4 43. axb4 43... Rxb5 {Trifolium resigns} 1-0

[Event "ICS rated blitz match"]
[Site "204.178.125.65"]
[Date "1999.10.17"]
[Round "?"]
[White "Hossa"]
[Black "Trifolium"]
[Result "1/2-1/2"]
[WhiteElo "2534"]
[BlackElo "2523"]
[PlyCount "136"]
[EventDate "1999.??.??"]

1. e4 d5 2. exd5 Qxd5 3. Nc3 Qa5 4. d4 c6 5. Nf3 Nf6 6. Bd3 Bg4 7. h3 Bh5 8.
Bd2 Nbd7 9. g4 Bg6 10. Bxg6 hxg6 11. Rh2 Qc7 12. g5 Nd5 13. Qe2 e6 14. O-O-O
Bd6 15. Rhh1 Nf4 16. Bxf4 Bxf4+ 17. Kb1 O-O-O 18. Qe4 Kb8 19. Ne2 Bd6 20. Ka1
Qa5 21. Rd3 Qd5 22. Qg4 Nb6 23. Rhd1 Qa5 24. Kb1 Nc4 25. Nd2 Nxd2+ 26. R1xd2
Ka8 27. Rd1 Qb5 28. Re3 Rd7 29. a3 Qc4 30. Qe4 Rdd8 31. Qf3 Rhf8 32. Re1 Rd7
33. Re4 Rfd8 34. Nc3 Qa6 35. Qe3 Qa5 36. f4 Qf5 37. Qg3 Rh8 38. R1e3 Bc7 39. b4
a6 40. Kc1 Rdd8 41. Kb2 a5 42. Ka1 Bd6 43. Kb1 axb4 44. axb4 b6 45. Na2 Qb5 46.
Ra3+ Kb7 47. Qc3 Qf5 48. Qd3 Bxf4 49. Qa6+ Kc7 50. Nc3 Rb8 51. Qc4 Rxh3 52.
Nb5+ Qxb5 53. Qxb5 Rh1+ 54. Ka2 cxb5 55. Rxf4 f5 56. gxf6 g5 57. Rf2 gxf6 58.
Rxf6 Kd6 59. Rg6 Rg1 60. Re3 Ra8+ 61. Kb2 Kd5 62. Rgxe6 Raa1 63. c3 Rgb1+ 64.
Kc2 Rc1+ 65. Kd3 Rd1+ 66. Kc2 Rdc1+ 67. Kd3 Rd1+ 68. Kc2 68... Rdc1+ {
Game drawn by repetition} 1/2-1/2